[Event "Idaho Closed"]
[Site "Boise, ID"]
[Date "2010.02.13"]
[Round "1.9"]
[White "Douglas, Kurt P"]
[Black "Ramalingam, Deeban"]
[Result "1-0"]
[WhiteElo "1738"]
[BlackElo "1164"]

1. e4 e5 2. Nf3 Nc6 3. Bb5 a6 4. Ba4 Nf6 5. O-O Be7 6. Re1 b5 7. Bb3 O-O 8. c3
d6 9. h3 Bb7 10. d4 exd4 11. cxd4 d5 12. e5 Ne4 13. a3 Na7 14. Be3 f6 15. Bf4
Kh8 16. Nc3 Nxc3 17. bxc3 f5 18. Qd2 h6 19. e6 Nc6 20. Be5 Bd6 21. Qxh6+ Kg8
22. Qxg7# 1-0

[Event "Idaho Closed"]
[Site "Boise, ID"]
[Date "2010.02.15"]
[Round "5.5"]
[White "Stewart, David Wayne"]
[Black "Douglas, Kurt P"]
[Result "0-1"]
[WhiteElo "1516"]
[BlackElo "1738"]

1. e4 c5 2. Nf3 d6 3. d4 cxd4 4. Nxd4 Nf6 5. Nc3 a6 6. Bc4 e6 7. Bb3 Be7 8.
O-O O-O 9. Qe2 Bd7 10. f4 Nc6 11. Be3 Na5 12. Rad1 Nxb3 13. Nxb3 Qc7 14. f5
Rac8 15. Bf4 Rfd8 16. e5 Nd5 17. Nxd5 exd5 18. f6 Bf8 19. exd6 Qxc2 20. Rd2
Qg6 21. Rxd5 Bb5 22. Rxb5 axb5 23. Qxb5 Rc2 24. Nd2 Qxf6 25. Ne4 Qxb2 26. Qg5
Qd4+ 27. Be3 Qxe4 {#R} 0-1

[Event "Pres. Cup-1 (Qualifier)"]
[Site "Twin Falls, ID"]
[Date "2010.07.31"]
[Round "3.2"]
[White "Douglas, Kurt P"]
[Black "Brown, Nicholas Ross"]
[Result "0-1"]
[WhiteElo "1673"]
[BlackElo "838"]

1. e4 e6 2. d4 d5 3. Nd2 c5 4. c3 cxd4 5. cxd4 Nc6 6. Ngf3 Bb4 7. Bb5 dxe4 8.
Ne5 Bd7 9. O-O Nxe5 10. Bxd7+ Nxd7 11. Nxe4 Ngf6 12. Bg5 O-O 13. Qb3 Qb6 14.
Ng3 h6 15. Be3 Nd5 16. Rad1 Nxe3 17. fxe3 Nf6 18. Rf3 Rac8 19. e4 Rfd8 20. Qe3
Ng4 21. Qf4 Nf6 22. e5 Nh7 23. Qxf7+ Kh8 24. Nh5 Qc7 25. Qxe6 {#R} 0-1

[Event "ICA Players Mem-Open"]
[Site "Boise, ID"]
[Date "2011.05.14"]
[Round "2.8"]
[White "Peterson, Rory Beckett"]
[Black "Douglas, Kurt P"]
[Result "0-1"]
[WhiteElo "1304"]
[BlackElo "1680"]

1. e4 c5 2. Nf3 d6 3. d4 cxd4 4. Nxd4 Nf6 5. Nc3 a6 6. Bd3 e6 7. O-O Be7 8.
Be3 O-O 9. a3 Bd7 10. b4 Nc6 11. Nce2 Qc7 12. h3 Rac8 13. Qd2 Ne5 14. c3 Nc4
15. Qc1 d5 16. exd5 Nxd5 17. Bd2 Nxd2 18. Qxd2 Nxc3 19. Rac1 Nxe2+ 20. Nxe2
Qd6 21. Rfd1 Rxc1 22. Rxc1 Bb5 23. Rd1 Rd8 24. Nc1 Qc7 25. Qc2 Qxc2 26. Bxc2
Rc8 27. Bd3 Ba4 28. Rf1 Rc3 29. Be4 b6 30. Bb7 Bb5 31. a4 Bxf1 32. Kxf1 Rxc1+
33. Ke2 Bxb4 34. Bxa6 Rc2+ 35. Kf3 Bc5 36. Be2 Ra2 37. Bb5 Rxf2+ 38. Kg3 f5
39. h4 e5 40. h5 e4 41. h6 gxh6 42. Bc6 e3 43. Bf3 e2 44. Bxe2 Rxe2 {#R} 0-1

[Event "ICA Players Mem-Open"]
[Site "Boise, ID"]
[Date "2011.05.14"]
[Round "3.4"]
[White "Douglas, Kurt P"]
[Black "Haley, Joshua Yuu"]
[Result "1-0"]
[WhiteElo "1680"]
[BlackElo "1438"]

1. e4 e5 2. Nf3 Nc6 3. Bb5 d6 4. O-O a6 5. Ba4 b5 6. Bb3 Bg4 7. c3 Nf6 8. Re1
d5 9. exd5 Nxd5 10. Nxe5 Bxd1 11. Nxc6+ Kd7 12. Nxd8 Bxb3 13. Nxf7 Rg8 14.
axb3 Bc5 15. d4 Bb6 16. Nd2 c5 17. Ne5+ Kc7 18. Ndf3 Kb7 19. Nd7 cxd4 20. Nxb6
Kxb6 21. Nxd4 Nc7 22. Be3 Nd5 23. Rad1 Nf6 24. Nf5+ Kc7 25. Bd4 Rgf8 26. Re7+
Kc6 27. Rxg7 Rad8 28. Re1 Ne8 29. Re6+ Kd5 30. Re5+ Kc6 31. Rc5+ Kb6 32. Rc8+
Ka5 33. Rxd8 Rxf5 34. Rxe8 Rd5 35. Ra7 h5 36. Re6 b4 37. Raxa6+ Kb5 38. Reb6#
1-0

[Event "WIO (Open)"]
[Site "Boise, ID"]
[Date "2011.12.10"]
[Round "1.5"]
[White "Douglas, Kurt P"]
[Black "Falbo, Clement Earl"]
[Result "1-0"]
[WhiteElo "1763"]
[BlackElo "1500"]

1. e4 e5 2. Nf3 Nc6 3. Bb5 a6 4. Ba4 Nf6 5. O-O Be7 6. Re1 b5 7. Bb3 O-O 8. c3
d6 9. h3 Na5 10. Bc2 Bb7 11. d4 exd4 12. cxd4 Nc4 13. b3 Nb6 14. Nbd2 Re8 15.
Nf1 h6 16. Ng3 Bf8 17. Bd2 g6 18. Rc1 Nbd7 19. Bd3 Kh7 20. Rc2 c5 21. d5 Bg7
22. Bf4 Nf8 23. Rce2 Rc8 24. Qc1 Ng8 25. Nh2 Be5 26. Ng4 Bxf4 27. Qxf4 g5 28.
Qxf7+ Kh8 29. Qxb7 c4 30. bxc4 bxc4 31. Bc2 Qa5 32. Nf5 Qb5 33. Qg7# 1-0

[Event "Idaho Closed"]
[Site "Boise, ID"]
[Date "2012.02.19"]
[Round "4.6"]
[White "Douglas, Kurt P"]
[Black "Puderbaugh, Kory"]
[Result "1/2-1/2"]
[WhiteElo "1763"]
[BlackElo "785"]

1. e4 c5 2. Nf3 d6 3. d4 cxd4 4. Nxd4 Nc6 5. Nc3 Nf6 6. Be3 g6 7. Be2 Bg7 8.
Qd2 Ng4 9. Bxg4 Bxg4 10. f3 Bd7 11. O-O-O a6 12. h4 Rc8 13. h5 Ne5 14. hxg6
fxg6 15. b3 b5 16. Bh6 Rg8 17. Bxg7 Rxg7 18. Nd5 a5 19. Rh2 a4 20. Kb1 Kf8 21.
Nf4 Kf7 22. Rdh1 Qg8 23. Nd5 axb3 24. cxb3 Ke8 25. Nb6 Rb8 26. Nxd7 Kxd7 27.
Qa5 Nc6 28. Qa6 Nxd4 29. Qa7+ Ke6 30. Qxd4 Kd7 31. g3 Rb7 32. g4 e5 33. Qd5
Qxd5 34. exd5 Kd8 35. Rc1 Rbc7 36. Rhc2 h5 37. Rh1 hxg4 38. fxg4 b4 39. Rh8+
Kd7 40. Rb8 Rf7 41. Rxc7+ Kxc7 42. Rxb4 Rf4 43. Rxf4 exf4 44. Kc2 Kb6 45. g5
Kc5 46. Kd3 Kxd5 47. a4 Kc5 48. Ke4 Kb4 49. Kxf4 d5 50. Ke3 Kc3 51. Ke2 Kc2
{#d} 1/2-1/2

[Event "Idaho Closed"]
[Site "Boise, ID"]
[Date "2012.02.20"]
[Round "5.3"]
[White "Douglas, Kurt P"]
[Black "Furlow, Blake"]
[Result "0-1"]
[WhiteElo "1763"]
[BlackElo "1517"]

1. e4 c5 2. Nf3 Nc6 3. d4 cxd4 4. Nxd4 Nf6 5. Nc3 g6 6. Be3 Bg7 7. Be2 O-O 8.
Qd2 d6 9. f3 Bd7 10. O-O-O a6 11. g4 Nxd4 12. Bxd4 b5 13. h4 b4 14. Nd5 Qa5
15. Nxe7+ Kh8 16. Kb1 Be6 17. Nd5 Bxd5 18. exd5 Rfe8 19. Bc4 Qc7 20. Qxb4 Rec8
21. b3 Rab8 22. Qc3 Qxc4 23. Qb2 Qe2 24. Bxf6 Bxf6 25. Qxf6+ Kg8 26. Rc1 Rc4
27. Rhe1 Qd2 28. Re7 Rf4 29. Qxd6 Rf8 30. Qc6 Rxf3 31. d6 Rf6 32. Qxa6 Rxd6
33. Qe2 Qd4 34. Re8 Rxe8 35. Qxe8+ Kg7 36. Qe2 Re6 37. Qd1 Qf2 38. h5 Re4 39.
hxg6 hxg6 40. Qg1 Qh4 41. a4 Rxg4 42. Qe3 Qf6 43. Re1 Rd4 44. Qe5 Rd1+ 45. Kb2
Rxe1 {#R} 0-1

[Event "Idaho Closed"]
[Site "Twin Falls, ID"]
[Date "2013.02.16"]
[Round "1.3"]
[White "Knoll, Lucas"]
[Black "Douglas, Kurt P"]
[Result "1-0"]
[WhiteElo "1060"]
[BlackElo "1751"]

1. e4 c5 2. Nf3 d6 3. Bc4 e6 4. Nc3 Nc6 5. d3 Nf6 6. Bg5 Be7 7. Bb5 Bd7 8. Qd2
O-O 9. O-O a6 10. Bxc6 Bxc6 11. Rfe1 h6 12. Bxf6 Bxf6 13. d4 cxd4 14. Nxd4 Bd7
15. Rad1 Rc8 16. Nf3 Bxc3 17. bxc3 Bb5 18. Re3 Qa5 19. a3 Rfd8 20. Nd4 Bc4 21.
Rg3 Kh8 22. Qf4 Qe5 23. Qxf7 Rf8 24. Qxb7 Rb8 25. Qc7 Rbc8 26. Qe7 Rce8 27.
Qc7 Rc8 28. Qd7 Rcd8 29. Qa4 Bb5 30. Qb4 Qc5 31. Rd2 Qc4 32. Qxc4 Bxc4 33. Nc6
Rd7 34. Ne5 Rb7 35. Ng6+ Kg8 36. h3 Rc8 37. Rxd6 Rb1+ 38. Kh2 Rc5 39. Rd8+
{#r} 1-0

[Event "Idaho Closed"]
[Site "Twin Falls, ID"]
[Date "2014.02.17"]
[Round "5.5"]
[White "Douglas, Kurt P"]
[Black "Mabry, William B"]
[Result "1/2-1/2"]
[WhiteElo "1668"]
[BlackElo "1279"]
[EventRounds "6"]
[EventCountry "USA"]

1. e4 e6 2. d4 d5 3. Nc3 dxe4 4. Nxe4 Nd7 5. Be3 Be7 6. Qd2 b6 7. Bd3 Ngf6 8.
Ne2 Bb7 9. Nxf6+ Nxf6 10. f3 Qd7 11. Nc3 c6 12. O-O Nd5 13. Nxd5 exd5 14. Rae1
O-O 15. Bg5 f6 16. Bh4 Rae8 17. Re2 c5 18. c3 Bc6 19. Rfe1 Bd8 20. Qc2 Rxe2
21. Bxh7+ Kh8 22. Rxe2 g5 23. Bf5 Qg7 24. Bg3 Re8 25. Rxe8+ Bxe8 26. Qe2 Bd7
27. Bxd7 Qxd7 28. dxc5 bxc5 29. h4 gxh4 30. Bxh4 d4 31. cxd4 cxd4 32. Qd3 Kg7
33. b3 Bb6 34. Kf1 Qc7 35. Bf2 Qc5 36. a4 Qc1+ 37. Ke2 Qb2+ 38. Kf1 Qc1+ {#d}
1/2-1/2

[Event "Idaho Closed"]
[Site "Twin Falls, ID"]
[Date "2015.02.15"]
[Round "3.8"]
[White "Wray, James"]
[Black "Douglas, Kurt P"]
[Result "0-1"]
[WhiteElo "1453"]
[BlackElo "1645"]
[EventRounds "6"]
[EventCountry "USA"]

1. f4 d5 2. d4 Nf6 3. e3 e6 4. Bd3 Be7 5. Nf3 O-O 6. O-O b6 7. Ne5 Bb7 8. Rf3
Nbd7 9. Rh3 h6 10. Qf3 Ne4 11. Bxe4 dxe4 12. Qg3 Nxe5 13. fxe5 Kh8 14. Nc3 c5
15. Ne2 Bg5 16. c3 f5 17. Nf4 Bxf4 18. Qxf4 Qe7 19. Bd2 Kg8 20. Be1 g5 21. Qf1
Kg7 22. Qe2 Rh8 23. Rd1 Raf8 24. dxc5 Qxc5 25. Rd7+ Rf7 26. Rxf7+ Kxf7 27.
Qh5+ Kg7 28. Qd1 Qd5 29. Qd4 Rc8 30. b3 g4 31. Rg3 h5 32. h4 Qxd4 33. cxd4 Rc1
{#R} 0-1

[Event "Idaho Closed"]
[Site "Twin Falls, ID"]
[Date "2016.02.13"]
[Round "2.6"]
[White "Hawkins, Nicholas B"]
[Black "Douglas, Kurt P"]
[Result "1-0"]
[WhiteElo "1749"]
[BlackElo "1646"]
[EventRounds "6"]
[EventCountry "USA"]

1. e4 c5 2. Nf3 d6 3. d4 cxd4 4. Nxd4 Nf6 5. Nc3 a6 6. Be2 e6 7. Be3 Be7 8.
Qd2 O-O 9. O-O-O Bd7 10. g4 Nc6 11. g5 Ne8 12. h4 Rc8 13. Rdg1 Nxd4 14. Bxd4
Bc6 15. g6 fxg6 16. h5 gxh5 17. Rxh5 Nf6 18. Qh6 Rf7 19. Bxf6 g6 20. Rxg6+
{#r} 1-0